Discrete mathematics with applications (Record no. 4420)
[ view plain ]
| 000 -LEADER | |
|---|---|
| fixed length control field | 00469 a2200181 4500 |
| 020 ## - INTERNATIONAL STANDARD BOOK NUMBER | |
| International Standard Book Number | 0534944469 |
| 020 ## - INTERNATIONAL STANDARD BOOK NUMBER | |
| International Standard Book Number | 0534944493 |
| 040 ## - CATALOGING SOURCE | |
| Original cataloging agency | DLC |
| 082 00 - DEWEY DECIMAL CLASSIFICATION NUMBER | |
| Classification number | 511 |
| 100 1# - MAIN ENTRY--PERSONAL NAME | |
| Personal name | Epp, Susanna S. |
| 245 10 - TITLE STATEMENT | |
| Title | Discrete mathematics with applications |
| Statement of responsibility, etc. | Susanna S. Epp. |
| 250 ## - EDITION STATEMENT | |
| Edition statement | 2nd ed. |
| 260 ## - PUBLICATION, DISTRIBUTION, ETC. | |
| Place of publication, distribution, etc. | Boston : |
| Name of publisher, distributor, etc. | PWS Pub. Co., |
| Date of publication, distribution, etc. | c1995. |
| 300 ## - PHYSICAL DESCRIPTION | |
| Extent | xvii, 801, 12 p. : |
| Other physical details | ill. ; |
| Dimensions | 27 cm. + |
| 500 ## - GENERAL NOTE | |
| General note | Includes index. |
| 650 #0 - SUBJECT ADDED ENTRY--TOPICAL TERM | |
| Topical term or geographic name entry element | Mathematics. |
| 942 ## - ADDED ENTRY ELEMENTS (KOHA) | |
| Koha item type | Book |
| Call number prefix | 511 EPP |
| Source of classification or shelving scheme | |
| Withdrawn status | Lost status | Damaged status | Not for loan | Collection code | Permanent Location | Current Location | Shelving location | Date acquired | Source of acquisition | Cost, normal purchase price | Total Checkouts | Total Renewals | Full call number | Barcode | Date last seen | Date last checked out | Price effective from | Koha item type |
|---|---|---|---|---|---|---|---|---|---|---|---|---|---|---|---|---|---|---|
| Central Library (CL) | Central Library (CL) | General Stacks | 11/26/2001 | National Book Foundation | 542.00 | 2 | 3 | 511 EPP | SEECS001590 | 04/18/2022 | 11/24/2021 | 01/05/2017 | Book | |||||
| Central Library (CL) | Central Library (CL) | General Stacks | 11/26/2001 | National Book Foundation | 542.00 | 2 | 3 | 511 EPP | SEECS001593 | 05/22/2023 | 11/20/2020 | 01/05/2017 | Book | |||||
| Central Library (CL) | Central Library (CL) | General Stacks | 11/26/2001 | National Book Foundation | 542.00 | 511 EPP | SEECS001592 | 11/14/2012 | 01/05/2017 | Book | ||||||||
| Central Library (CL) | Central Library (CL) | General Stacks | 10/28/2002 | New Public Books | 170.00 | 5 | 511 EPP | SEECS002666 | 05/09/2022 | 11/23/2021 | 01/05/2017 | Book | ||||||
| Central Library (CL) | Central Library (CL) | General Stacks | 07/14/2008 | Donation | 2 | 3 | 511 EPP | SEECSD00165 | 12/21/2021 | 11/22/2021 | 01/05/2017 | Book | ||||||
| Central Library (CL) | Central Library (CL) | General Stacks | 09/04/2008 | Donation | 511 EPP | SEECSD00190 | 11/14/2012 | 01/05/2017 | Book |
